[Event "AUT-ch U08/10"]
[Site "Schwarzach"]
[Date "2008.06.07"]
[Round "6"]
[White "Hoeffernig, Leon"]
[Black "Estomo, Jose"]
[Result "1-0"]
[WhiteElo "1200"]
[BlackElo "1316"]
[PlyCount "53"]
[EventDate "2008.06.06"]
[EventType "swiss"]
[EventRounds "7"]
[EventCountry "AUT"]
[SourceTitle "EXT 2009"]
[Source "ChessBase"]
[SourceDate "2008.11.26"]
[SourceVersion "1"]
[SourceVersionDate "2008.11.26"]
[SourceQuality "1"]

1. e4 e5 2. Nf3 Nc6 3. Nc3 Nf6 4. Bb5 Bc5 5. h3 d6 6. d3 0-0 7. Bxc6 bxc6 8. 0-0 d5 9. Nxe5 Qd6 10. d4 Bb4 11. f3 c5 12. a3 Ba5 13. Bd2 cxd4 14. b4 Qxe5 15. f4 Qh5 16. Qxh5 Nxh5 17. bxa5 dxc3 18. Bxc3 dxe4 19. Bb4 Re8 20. Rad1 e3 21. c3 e2 22. Kf2 exd1Q 23. Rxd1 Nxf4 24. g3 Nxh3+ 25. Kg2 Ng5 26. Be7 Rxe7 27. Rd8+ 1-0